00877nam a2200205 a 450000100100000000500170001000800410002702000180006804000250008610000260011124500520013726000440018930000210023350000550025404900090030995201200031895201110043895201050054999900170065400003577820211014100129.0111110s2011 dr a 000 0 spa d a9789945004984 aDO-SdBNPbspacBNPHU1 aReynoso, Menoscal94110aQuejas sin ruido :bpoemas /cMenoscal Reynoso. aSanto Domingo :bEditora Búho,c2011. a129 p. ;c22 cm. aIncluye datos biográficos del autor en la solapa aBNPD 001054708DSaGRbGRcCTd2011-11-10iLF1l0o p35778-30r2020-06-25te. 3w2020-06-25yLFDSZPréstamo en sala 0010718PDaPDbPDcCTd2011-11-10iLF1l0o p35778-10r2020-06-25te. 2w2020-06-25yLFPDZNo se presta 0010718PDaPDbPDcCTd2011-11-10iLF1l0o p35778-20r2020-06-25w2020-06-25yLFPDZNo se presta c35269d35269